Most sparsely populated countries - Statistics

General Stats
  • This quiz has been taken 36 times
    27 since last reset
  • The average score is 10 of 16
Answers on the Map
Answers color-coded by a green-red scale on the quiz's map according to % correct below.
 
Answer Stats
Answer % Correct
Australia
96%
Canada
96%
Russia
96%
Mongolia
88%
Denmark
84%
Kazakhstan
84%
Iceland
72%
Libya
68%
Namibia
64%
Mauritania
60%
Botswana
56%
Bolivia
40%
Suriname
40%
Guyana
36%
Central African Republic
28%
Gabon
16%
No matching quizzes found
Score Distribution
Percent of People with Each Score
Percentile by Number Answered
Your Score History
You have not taken this quiz since the last reset